banner koha

Potencial de óleos essenciais de plantas medicinais no controle de fitopatógenos (Registro n. 299768)

MARC details
000 -LÍDER
fixed length control field 05241nab a2200325 i 4500
003 - CÓDIGO MARC DA AGÊNCIA CATALOGADORA
Campo de controle BR-BrBNA
005 - DATA E HORA DA ÚLTIMA ATUALIZAÇÃO
Campo de controle 20240524132415.0
008 - CAMPO DE TAMANHO FIXO
fixed length control field 240524b2015 bl.qr|pooa||| 00| 0 por |
040 ## - FONTE DA CATALOGAÇÃO
Agência catalogadora BR-BrBNA
Idioma da catalogação por
072 ## - CATEGORIA AGRIS
Código AGRIS H20
100 ## - ENTRADA PRINCIPAL - NOME PESSOAL
Nome pessoal Fonseca, M.C.M.
100 ## - ENTRADA PRINCIPAL - NOME PESSOAL
Nome pessoal Lehner, M.S.
100 ## - ENTRADA PRINCIPAL - NOME PESSOAL
Nome pessoal Gonçalves, M.G.
100 ## - ENTRADA PRINCIPAL - NOME PESSOAL
Nome pessoal Paula Júnior, T.J.
100 ## - ENTRADA PRINCIPAL - NOME PESSOAL
Nome pessoal Silva, A.F.
100 ## - ENTRADA PRINCIPAL - NOME PESSOAL
Nome pessoal Bonfim, F.P.G.
100 ## - ENTRADA PRINCIPAL - NOME PESSOAL
Nome pessoal Prado, A.L.
245 ## - TÍTULO PRINCIPAL
Título principal Potencial de óleos essenciais de plantas medicinais no controle de fitopatógenos
500 ## - NOTA GERAL
Nota geral Publicação on-line; 15 ref.; 3 illus.; Summaries (En, Pt)
942 ## - ADDED ENTRY ELEMENTS (KOHA)
Koha item type
520 ## - NOTA DE RESUMO
Nota de conteúdo <br/><br/>RESUMO: <br/><br/>Além do valor como recurso terapêutico, plantas medicinais também possuem<br/>potencial para serem utilizadas como fonte de princípios ativos contra fitopatógenos. O objetivo<br/>deste trabalho foi avaliar o efeito de óleos essenciais das espécies medicinais Baccharis<br/>dracunculifolia (alecrim-do-campo), Schinus terebinthifolius (aroeirinha) e Porophyllum ruderale<br/>(arnica-brasileira) sobre o crescimento dos fungos fitopatogênicos Fusarium oxysporum f. sp.<br/>phaseoli (Fop), F. solani f. sp. phaseoli (Fsp), Sclerotinia sclerotiorum (Ss), S. minor (Sm),<br/>Rhizoctonia solani (Rs), Sclerotium rolfsii (Sr) e Macrophomina phaseolina (Mp). Avaliou-se em<br/>placas de Petri o crescimento radial desses fungos em meio batata-dextrose-ágar (BDA) com<br/>cinco concentrações (0, 250, 500, 1000 e 3000 mg L-1) dos óleos essenciais. Discos de micélio<br/>(5 mm de diâmetro) de cada fungo em crescimento foram transferidos para placas de Petri que<br/>foram mantidas a 23°C no escuro por 48 horas. O óleo essencial de alecrim-do-campo foi o<br/>mais eficiente na redução do crescimento micelial de todos os fungos, com inibição completa<br/>quando se utilizou a concentração de 3000 mg L-1. A redução de crescimento variou de 29%<br/>(Fs) a 80% (Rs) a 250 mg L-1 do óleo essencial de alecrim-do-campo; a 500 mg L-1, variou de<br/>29% (Fs) a 98% (Sr); e a 1000 mg L-1, de 41% (Fs) a 100% (Sr). A redução do crescimento<br/>dos fungos pelo óleo de aroeirinha na concentração de 3000 mg L-1 variou de 27% (Fsp) a<br/>74% (Rs). Nessa concentração, o óleo de arnica-brasileira reduziu o crecimento micelial de Ss<br/>em 72%, o de Rs em 80% e o de Mp em 82%, sem efeitos significativos sobre o crescimento<br/>micelial de Fsp e Fop. Conclui-se que os óleos essenciais de alecrim-do-campo, aroeirinha<br/>e arnica-brasileira possuem potencial para o controle dos fungos fitopatogênicos estudados,<br/>com destaque para o óleo de alecrim-do-campo.<br/><br/>Palavras-chave: controle alternativo, alecrim-do-campo, aroeirinha, arnica-brasileira.
520 ## - NOTA DE RESUMO
Nota de conteúdo <br/><br/>ABSTRACT: <br/><br/>Potential of essential oils from medicinal plants to control plant pathogens.<br/>In addition to their value as therapeutic resources, medicinal plants also have the potential<br/>to be used as a source of alternative compounds against plant pathogens. The objective of<br/>this study was to evaluate the effect of essential oils extracted from the medicinal species<br/>Baccharis dracunculifolia, Schinus terebinthifolius and Porophyllum ruderale on the growth of<br/>the fungal plant pathogens Fusarium oxysporum f. sp. phaseoli (Fop), F. solani f. sp. phaseoli<br/>(Fsp), Sclerotinia sclerotiorum (Ss), S. minor (Sm), Rhizoctonia solani (Rs), Sclerotium rolfsii<br/>(Sr) and Macrophomina phaseolina (Mp). The radial mycelial growth of the fungi was evaluated<br/>on potato dextrose agar (PDA) in Petri dishes with five concentrations (0, 250, 500, 1000 and<br/>3000 µL L-1) of the essential oils. Mycelial discs (5 mm diameter) of the growing colonies of<br/>each fungus were transferred to Petri dishes, which were maintained at 23 °C in the dark for<br/>48 hours. The essential oil of B. dracunculifolia was the most effective oil in the reduction of the<br/>mycelial growth of all fungi. It completely inhibited their growth at 3000 mg L-1. At 250 mg L-1, the<br/>growth reduction caused by the oil of B. dracunculifolia varied from 29% (Fs) to 80% (Rs); at<br/>500 mg L-1, it varied from 29% (Fs) to 98% (Sr); and at 1000 mg L-1, it varied from 41% (Fs) to<br/>100% (Sr). The reduction of the mycelial growth caused by the oil of S. terebinthifolius at 3000<br/>mg L-1 varied from 27% (Fsp) to 74% (Rs). At this concentration, the oil of P. ruderale reduced<br/>the mycelial growth of Ss by 72%, of Rs by 80% and of Mp by 82%, without significant effects<br/>on the mycelial growth of Fsp and Fop. We conclude that the essential oils of B. dracunculifolia,<br/>S. terebinthifolius and P. ruderale have the potential to be used to control the plant pathogens<br/>tested, especially the oil of B. dracunculifolia.<br/><br/>Kew words: alternative control, Baccharis dracunculifolia, Schinus terebinthifolius, Porophyllum<br/>ruderale.
650 ## - ASSUNTO - THESAGRO
Cabeçalho tópico ou nome geográfico CONTROLE
650 ## - ASSUNTO - THESAGRO
Cabeçalho tópico ou nome geográfico ALECRIM
650 ## - ASSUNTO - THESAGRO
Cabeçalho tópico ou nome geográfico AROEIRA
650 ## - ASSUNTO - THESAGRO
Cabeçalho tópico ou nome geográfico ARNICA
773 0# - ENTRADA ANALÍTICA
Host Biblionumber 3543
Registro do item 315481
Imprenta Botucatu-SP Instituto de Biociências - Departamento de Química e Bioquímica 1998
Outro identificador 2024-1782
Título Revista Brasileira de Plantas Medicinais (Brazil)
ISSN 1516-0572
Colação v. 17(1) p. 45-50; (2015)
Número de controle de registro BR2024000811
856 ## - ACESSO E ENDEREÇO ELETRÔNICO
Identificador uniforme de recurso - URI https://www.scielo.br/j/rbpm/a/qxYhxnJbzSxy4jDXn88B8cc/?format=pdf&lang=pt

Nenhum exemplar disponível.

BINAGRI

Telefone: (61)3218-2567/2388/3357/2097 - binagri@agro.gov.br

Ministério da Agricultura e Pecuária , Esplanada dos Ministérios, Bloco D, Anexo B, Brasília/DF, CEP: 70.043-900